000 00630nam a2200277Ia 4500
005 20260324135632.0
008 008 260324s9999 xx 000 0 eng d
020 _a9781315085081
037 _aEBOOK
040 _aCRL
040 _beng
040 _cCRL
041 _2eng
041 _aeng
084 _qCRL
100 _aStephen Farrall
245 4 _aThe Termination of Criminal Careers
260 _bTaylor and Francis
260 _c2000
365 _a
365 _b120
856 _uhttp://www.taylorfrancis.com/books/9781315085081
942 _cEBOOK
999 _c1802630
_d1802630